000 02518nam a2200421 a 4500
001 Z_7026
003 CHAP
005 20250521113901.0
007 ta
008 220113t2015 mx a fr 001 0 spa d
010 _a170298
020 _a978-607-17-2290-4
040 _aZ
_cCHAP
_erda
041 0 _bEspañol
_fEspañol
082 _a636.2086
_bG84 2015
_220
100 1 _aGuerrero Rodríguez, Alberto
_9146592
_eautor
245 1 0 _aProcesado del grano y de la fibra :
_befectos sobre el metabolismo rumial /
_cAlberto Guerrero Rodríguez y Jesús Fuentes Rodríguez
250 _aPrimera edición
264 1 _aMéxico D.F. :
_bTrillas,
_c©2015
300 _a152 páginas :
_bilustraciones
336 _2rdacontent
_atexto
_btxt
337 _2rdamedia
_asin medio
_bn
338 _2rdacarrier
_avolumen
_bnc
500 _aej.1: consumo \ ej.2. consumo \ ej.3: consumo \ ej.4: consumo \ ej.5: consumo \ ej.6: S/N (sin sellos)
504 _aBibliografía: páginas 131 - 145
505 0 _aIntroducción -- Capítulo 1. El grano -- Capítulo 2. El procesamiento de granos -- Capítulo 3. Efectos del procesamiento del grano sobre el medio ruminal -- Capítulo 4. Fibra -- Conclusiones -- Bibliografía -- Índice onomástico -- Índice analítico.
520 _aLos cereales, concentrados proteicos de origen animal y cultivos forrajeros representan las fuentes principales para el consumo de los rumiantes, por lo que los criaderos de este tipo de ganado se han visto en la necesidad de aumentar la calidad de esos nutrientes. En este libro se presentan los diferentes proceso que existen para optimizar el aprovechamiento de los alimentos mencionados; en general, lo referente a la digestibilidad de ciertos ingredientes, pero también beneficios adicionales como mejorar el sabor, incrementar la eficiencia alimenticia, aumentar la densidad y renovar el manejo de los ingredientes. El objetivo de procesar los granos y fibras que han de alimentar a los rumiantes es facilitar el mezclado de ingredientes y el manejo y la distribución del pienso para elevar su valor nutritivo en beneficio de la producción ganadera.
650 1 3 _aRumiantes
_x Alimentación y alimentos
_9139947
650 1 3 _aPiensos
_988012
650 1 3 _aProcesado de piensos
_9149848
650 1 3 _aDigestibilidad
_9144243
650 1 3 _aCiencia de forrajes y piensos
_9149843
700 1 _aFuentes Rodríguez, Jesús
_9146595
_eautor
901 _a636.2086 G84 2015
902 _aM
910 _a2015
942 _2ddc
_cLIBRO
999 _c170298
_d170298